Instrumentation for the operating room (Record no. 16218)
[ view plain ]
| 000 -LEADER | |
|---|---|
| fixed length control field | 00718nam a22002777a 4500 |
| 003 - CONTROL NUMBER IDENTIFIER | |
| control field | FEu |
| 005 - DATE AND TIME OF LATEST TRANSACTION | |
| control field | 20140310182813.0 |
| 008 - FIXED-LENGTH DATA ELEMENTS--GENERAL INFORMATION | |
| fixed length control field | 130223t xxu||||| |||| 00| 0 eng d |
| 020 ## - INTERNATIONAL STANDARD BOOK NUMBER | |
| International Standard Book Number | 9-81259646-1 |
| 050 ## - LIBRARY OF CONGRESS CALL NUMBER | |
| Classification number | RD 71 |
| Item number | .T566 2006 |
| 245 ## - TITLE STATEMENT | |
| Title | Instrumentation for the operating room |
| Remainder of title | a photographic manual |
| Statement of responsibility, etc | Tighe, Shirley M. |
| 250 ## - EDITION STATEMENT | |
| Edition statement | 6th ed. |
| 260 ## - PUBLICATION, DISTRIBUTION, ETC. (IMPRINT) | |
| Place of publication, distribution, etc | 3 Killiney Road #08-01 Winsland House 1, Singapore |
| Name of publisher, distributor, etc | Elsevier (Singapore) |
| Date of publication, distribution, etc | c2006 |
| 300 ## - PHYSICAL DESCRIPTION | |
| Extent | 315 p. : |
| Dimensions | 26 cm. |
| 521 ## - TARGET AUDIENCE NOTE | |
| Target audience note | |
| 526 ## - STUDY PROGRAM INFORMATION NOTE | |
| Reading level | 1210L-1700L |
| 562 ## - COPY AND VERSION IDENTIFICATION NOTE | |
| Number of copies | 1 |
| 942 ## - ADDED ENTRY ELEMENTS (KOHA) | |
| Source of classification or shelving scheme | Library of Congress Classification |
| Koha item type | Books |
| Call number prefix | Foreign |
| Withdrawn status | Lost status | Source of classification or shelving scheme | Damaged status | Home library | Current library | Shelving location | Date acquired | Total Checkouts | Full call number | Barcode | Date last seen | Copy number | Price effective from | Koha item type | Source of acquisition |
|---|---|---|---|---|---|---|---|---|---|---|---|---|---|---|---|
| Library of Congress Classification | Archives | Archives | 12/12/2013 | RD 71 .T566 2006 | C6987 | 05/15/2018 | 2 | 12/12/2013 | Books | Donation | |||||
| Library of Congress Classification | Archives | Archives | 12/12/2013 | RD 71 .T566 2006 | C6982 | 05/15/2018 | 6 | 12/12/2013 | Books | Donation | |||||
| Library of Congress Classification | Archives | Archives | 12/12/2013 | RD 71 .T566 2006 | C6985 | 05/15/2018 | 7 | 12/12/2013 | Books | Donation | |||||
| Library of Congress Classification | College Library | College Library | General Circulation Section | 02/23/2013 | RD 71 .T566 2006 | C8616 | 05/15/2018 | 1 | 03/10/2014 | Books | |||||
| Library of Congress Classification | College Library | College Library | General Circulation Section | 12/12/2013 | RD 71 .T566 2006 | C6983 | 05/15/2018 | 3 | 12/12/2013 | Books | |||||
| Library of Congress Classification | College Library | College Library | General Circulation Section | 12/12/2013 | RD 71 .T566 2006 | C6986 | 05/15/2018 | 4 | 12/12/2013 | Books | |||||
| Library of Congress Classification | College Library | College Library | General Circulation Section | 12/12/2013 | RD 71 .T566 2006 | C6984 | 05/15/2018 | 5 | 12/12/2013 | Books |